000 00395nam a22001457a 4500
003 OSt
005 20251111131013.0
008 251111b |||||||| |||| 00| 0 eng d
020 _a0789461161
040 _cDORLING KINDERSLEY PUBLISHING
050 _aF 1219.73 .B35 2000
245 _aAZTEC, INCA & MAYA
_cBAQUEDANO, ELIZABETH
260 _aNEW YORK
_bDORLING KINDERSLEY
_c2000
942 _2ddc
_cBK
_n0
999 _c9764
_d9764